000 00695nam a22002297a 4500
005 20170124110203.0
010 _aA-950672
020 _c275.00
_a8120314395
035 _aA-950672
037 _bCen Lib/Ret
040 _aDPL
_bEN
082 _a005.756
_bMUL
100 _aMulloy, Scott
_936599
245 _aUsing visual J++ 6 /
_cby Scott Mulloy
260 _aNew Delhi
_bPrentice Hall of India
_c1998
270 _aM-97, connaught circus
_bNew Delhi
_e110001
300 _ax, 782p.
_c25cm(Hb)
500 _aIncludes index and glossary
650 _aComputer science
_936600
650 _aProgramming languages (Visual)
_936601
942 _2ddc
_cEN
_h005.756
_mMUL
999 _c133026
_d133026